| 000 | 01397nam a2200277 i 4500 | ||
|---|---|---|---|
| 001 | 114865 | ||
| 003 | ES-MaACL | ||
| 005 | 20231214203314.0 | ||
| 007 | t| | ||
| 008 | 070413s1977 sp ac |||| |bspa d | ||
| 080 | _a75 Rubens, Peter Paul:061.43(464.1 M.)"1977/78" | ||
| 080 | _a75(493)"15/16":061.43(464.1 M.)"1977/78" | ||
| 100 | 1 |
_aDíaz Padrón, Matías, _d1934-2022 _944376 |
|
| 245 | 1 | 0 |
_aPedro Pablo Rubens (1577-1640) _b: exposición homenaje, Palacio de Velázquez (Parque del Retiro), Madrid, diciembre 1977-marzo 1978 / _c[selección, catalogación y estudio Matías Díaz Padrón ; colaboradores, Mercedes Orihuela Maeso, et al. ; organizada por el] Ministerio de Cultura, Dirección General del Patrimonio Artístico, Archivos y Museos. |
| 260 |
_a[Madrid : _bPatronato Nacional de Museos, _c1977] |
||
| 300 |
_a272 p. : _bil. col. y n. ; _c25 cm. |
||
| 490 | 1 | _aPublicaciones de la Dirección General del Patrimonio Artístico Archivos y Museos | |
| 504 | _aReferencias bibliográficas. | ||
| 600 | 1 | 4 |
_aRubens, Peter Paul- _vExposiciones. _9100292 |
| 650 | 1 | 4 |
_aPintura barroca- _zPaíses Bajos- _vExposiciones. _9148604 |
| 655 | 7 |
_2tgfbne _9193628 _aCatálogos de exposiciones |
|
| 830 | 0 |
_aPublicaciones de la Dirección General del Patrimonio Artístico Archivos y Museos _9226820 |
|
| 852 |
_aES-MaACL _jA-8158 |
||
| 942 | _2udc | ||
| 999 |
_c114865 _d114865 |
||